| 000 | 01186nam a2200265 a 4500 | ||
|---|---|---|---|
| 001 | BS0002832 | ||
| 003 | BR-BrBNA | ||
| 005 | 20231109121745.0 | ||
| 008 | 230308b |||||||| |||| 00| 0 por d | ||
| 040 |
_aBR-BrBNA _bpor _cBiblioteca Nacional de Agricultura |
||
| 041 | _apor | ||
| 072 | _aS91 | ||
| 090 |
_aS91 _bBS0002832 |
||
| 100 | 1 | _aHaase-Hindenberg, Gerhard. | |
| 245 | 1 |
_aA menina das cidade dos mortos: _ba vida de Mona nos túmulos do Cairo / |
|
| 250 | 1 | _a1. ed. | |
| 260 | 3 |
_aSão Paulo, SP: _bEditora HPL, _c2009. |
|
| 300 | _a215 p. | ||
| 500 | _aTradução: Hermann Lobmaier, Título Original:das madchem aus der totenstedt.. | ||
| 520 | 3 | _aComo dezenas de milhares de outros egípcios, ela também vive com sua família nos minúsculos ambientes sobre um mausoléu, sem a perspectiva de um dia deixar para trás as condiçães apertadas da moradia. Ela confidencia seus sonhos de uma outra vida só ao seu diário. Quando ganha um trabalho no centro comercial do Cairo, com caracteristicas ocidentais, ela resolve pegar sua sorte, finalmente, em suas próprias mãos. | |
| 650 | _aLITERATURA | ||
| 650 | _aBIOGRAFIA | ||
| 650 | _aOUTROS | ||
| 942 |
_cBK _2AGRIS |
||
| 999 |
_c7890 _d7890 |
||